Torschützenliste der Serie A 2022-2023 - Statistiken

Allgemein
  • Dieses Quiz wurde 35 mal gespielt
  • Das Durchschnittsergebnis liegt bei 9 aus 12
Antwortstatistiken
Tore Nationalität Verein Spieler % Korrekt
21 Argentinien Inter Mailand Lautaro Martínez
100%
26 Nigeria SSC Neapel Victor Osimhen
100%
12 Italien Lazio Rom Ciro Immobile
94%
13 Frankreich AC Mailand Olivier Giroud
94%
12 Argentinien AS Rom Paulo Dybala
94%
15 Portugal AC Mailand Rafael Leão
94%
12 Georgien SSC Neapel Chwitscha Kwarazchelia
88%
13 England Atalanta Bergamo Ademola Lookman
72%
12 Italien US Sassuolo Calcio Domenico Berardi
56%
16 Senegal US Salernitana Boulaye Dia
47%
13 Angola Spezia Calcio M’Bala Nzola
22%
12 Paraguay FC Turin Antonio Sanabria
19%
Keine übereinstimmenden Quizze gefunden
Verteilung der Resultate
Anzahl Personen mit jedem Resultat
Perzentil nach korrekt beantworteten Fragen
Ihre Resultats-Entwicklung
Sie haben dieses Quiz noch nicht gespielt